000 00280nam a22001337a 4500
008 170628b xxu||||| |||| 00| 0 eng d
020 _a0131898027
041 _aeng
080 _24TH
_a82
100 _a21
101 _aGJL
245 _aAPPLIED ETHICS
_cMAY,L
942 _2udc
_cBK
999 _c19328
_d19328